Harry Potter trivia quiz - Statistics

General Stats
  • This quiz has been taken 14,379 times
    11,551 since last reset
  • The average score is 8 of 15
Answer Stats
Hint Answer % Correct
How many players are on a quidditch team? 7
94%
Who is the oldest Weasley child? Bill Weasley
88%
What teacher teaches transfiguration? Minerva Mcgonagall
80%
Which country won the quidditch world cup? Ireland
78%
What is James Potter's animagus? Stag
76%
Who teaches flying lessons at Hogwarts? Rolanda Hooch
70%
Who is the headmaster of Durmstrang? Igor Karkaroff
69%
Who was Percy Weasley's girlfriend? Penelope Clearwater
57%
Who killed Helena Ravenclaw? Bloody baron
48%
What is the name 'Ginny' short for? Ginevra
42%
What is Percy Weasley's owl called? Hermes
35%
What is Ron Weasley's aunt called? Muriel
30%
Who did Fleur Delacour go with to the Yule ball? Roger Davies
28%
How many staircases are there in Hogwarts? 142
21%
How many ways are there of commiting a foul in quidditch? 700
20%
No matching quizzes found
Score Distribution
Percent of People with Each Score
Percentile by Number Answered
Your Score History
You have not taken this quiz since the last reset